00524cam a22001692 4500001001100000005001700011008004100028020002600069040001500095050001900110100003700129245006400166260004200230300001500272650003500287650003200322000000307120151217151914.0070426s xx 000 0 eng d a0674006887 :cKES 300 aKABUcKABU 0aHG6024.3b.A261 aAbolafia, Mitchel Y.@000015269110aMaking markets :bopportunism and restraint on Wall Street. aLondon :bHarvard Univ. Press,c1996. aix, 216 p. 0aFinancial futures.@0000152692 0aStock exchange.@0000152693